000 00416nam a2200169Ia 4500
008 100330t1964 xxu||||| |||| 00| 0 sin d
041 _asin
080 _aX8S31
_bWIC
100 _aWickramasingha, K.D.P.
245 _aහුදෙකලාව
246 _aHudekalava
260 _bGunasena
_aColombo
_c1964
300 _a223p., 16 cm
942 _cBK
999 _c69692
_d69692
003 LK-CoDNM
040 _aLK-CoDNM
_dLK-CoDNM
_eLK-CoDNM